000 00601nam a2200229Ia 4500
003 OSt
005 20221007071421.0
006 a|||||r|||| 00| 0
007 ta
008 221006b |||||||| |||| 00| 0 eng d
024 _a16,382
037 _cTextual
040 _aFLL
_cFLL
_beng
041 _2eng
_aeng
082 _aX8:Z3y7, K9
100 _aIvamy E.R.H. Au.
_9688736
245 0 _aCasebook on insurance law
260 _aLondon
_bButterworths London
_c1969
300 _a225p
_ccm.
942 _hX8:Z3y7, K9
_cTEXL
_2CC
999 _c1143298
_d1143298